「む」から始まる駅 - Statistics

General Stats
  • This quiz has been taken 26 times
  • The average score is 41 of 78
Answer Stats
Hint Answer % Correct
東京 武蔵小金井
83%
神奈川 武蔵小杉
83%
東京 武蔵小山
79%
東京 武蔵境
79%
神奈川 武蔵溝ノ口
79%
千葉 村上
79%
新潟 村上
79%
京都 向日町
75%
神奈川 武蔵中原
75%
新潟 六日町
71%
鳥取 武庫
71%
愛知 向ヶ丘
71%
神奈川 向ヶ丘遊園
71%
兵庫 武庫川
71%
兵庫 武庫之荘
71%
東京 武蔵五日市
71%
奈良 六田
71%
山形 村山
71%
長野 村山
71%
埼玉 武蔵浦和
67%
神奈川 武蔵新城
67%
青森 陸奥横浜
67%
長野 村井
67%
岐阜
67%
神奈川 武蔵白石
63%
東京 武蔵新田
63%
東京 武蔵引田
63%
東京 武蔵増戸
63%
埼玉 武蔵嵐山
63%
和歌山 六十谷
63%
千葉 六実
63%
北海道 鵡川
58%
徳島 牟岐
58%
東京 武蔵大和
58%
神奈川 六会日大前
58%
神奈川 六浦
58%
北海道 室蘭
58%
広島 向原
54%
東京 向原
54%
東京 武蔵砂川
54%
東京 武蔵関
54%
埼玉 武蔵藤沢
54%
青森 陸奥市川
54%
愛知 六名
54%
京都 向島
50%
兵庫 武庫川団地前
50%
北海道 武佐
50%
滋賀 武佐
50%
埼玉 武蔵高萩
50%
埼玉 武蔵横手
50%
福岡
50%
大阪 村野
50%
神奈川 向河原
46%
青森 向山
46%
東京 武蔵野台
46%
熊本 武蔵塚
42%
新潟 虫川大杉
42%
広島 向洋
38%
青森 陸奥鶴田
38%
岩手 村崎野
38%
長野 牟礼
38%
大分 向之原
33%
青森 陸奥赤石
33%
青森 陸奥岩崎
33%
徳島 撫養
33%
奈良 室生口大野
33%
福岡 室見
33%
青森 陸奥沢辺
29%
愛媛 向井原
25%
青森 陸奥白浜
25%
青森 陸奥湊
25%
青森 陸奥柳田
25%
静岡 向市場
21%
秋田 向能代
21%
青森 陸奥森田
21%
愛媛 務田
17%
福島 向瀬上
13%
山口 椋野
13%
No matching quizzes found
Score Distribution
Percent of People with Each Score
Percentile by Number Answered
Your Score History
You have not taken this quiz